Nommez ces joueurs de handball - Statistiques

Statistiques générales
  • Ce quiz a été pris 1 088 fois
  • Le résultat moyen est 6 sur 12
Statistiques - réponses
Par images Réponse % Correct
Nikola Karabatic
97%
Luka Karabatic
95%
Mikkel Hansen
92%
Thierry Omeyer
92%
Daniel Narcisse
87%
Jackson Richardson
79%
Ivano Balić
42%
Talant Dujshebaev
24%
Arpad Šterbik
15%
Henning Fritz
5%
Jesper Noddesbo
5%
Magnus Wislander
3%
Aucun quiz correspondant
Distribution des résultats
% des personnes avec chaque résultat
Percentile par nombre de réponses
Votre historique - résultats
Vous n’avez pas pris ce quiz